Atlas of oral and maxillofacial pathology / (Record no. 19209)
[ view plain ]
| 000 -LEADER | |
|---|---|
| fixed length control field | 01149cam a2200325 a 4500 |
| 001 - CONTROL NUMBER | |
| control field | 4521817 |
| 005 - DATE AND TIME OF LATEST TRANSACTION | |
| control field | 20201203142550.0 |
| 008 - FIXED-LENGTH DATA ELEMENTS--GENERAL INFORMATION | |
| fixed length control field | 990324s2000 paua frb 001 0 eng c |
| 020 ## - INTERNATIONAL STANDARD BOOK NUMBER | |
| International Standard Book Number | 9780721684604 |
| 040 ## - CATALOGING SOURCE | |
| Original cataloging agency | DNLM/DLC |
| Transcribing agency | DLC |
| Modifying agency | DLC |
| -- | EG-ScBUE |
| 082 04 - DEWEY DECIMAL CLASSIFICATION NUMBER | |
| Classification number | 617.63 |
| Item number | REG |
| Edition number | 22 |
| 100 1# - MAIN ENTRY--PERSONAL NAME | |
| Personal name | Regezi, Joseph A. |
| 9 (RLIN) | 37685 |
| 245 10 - TITLE STATEMENT | |
| Title | Atlas of oral and maxillofacial pathology / |
| Statement of responsibility, etc | Joseph A. Regezi, James J. Sciubba, M. Anthony Pogrel. |
| 246 30 - VARYING FORM OF TITLE | |
| Title proper/short title | Oral and maxillofacial pathology |
| 250 ## - EDITION STATEMENT | |
| Edition statement | 1st ed. |
| 260 ## - PUBLICATION, DISTRIBUTION, ETC. (IMPRINT) | |
| Place of publication, distribution, etc | Philadelphia : |
| Name of publisher, distributor, etc | W.B. Saunders Company : |
| -- | Saunders Elsevier, |
| Date of publication, distribution, etc | c.2000. |
| 300 ## - PHYSICAL DESCRIPTION | |
| Extent | ix, 171 p. : |
| Other physical details | ill. (col.) ; |
| Dimensions | 28 cm. |
| 500 ## - GENERAL NOTE | |
| General note | Index : p. 165-171. |
| 500 ## - GENERAL NOTE | |
| General note | First reprinted in India 2011. |
| 504 ## - BIBLIOGRAPHY, ETC. NOTE | |
| Bibliography, etc | Bibliography : p. 155-163. |
| 650 #7 - SUBJECT ADDED ENTRY--TOPICAL TERM | |
| Topical term or geographic name as entry element | Mouth |
| General subdivision | Diseases |
| Form subdivision | Atlases |
| Source of heading or term | BUEsh |
| 9 (RLIN) | 37686 |
| 650 #7 - SUBJECT ADDED ENTRY--TOPICAL TERM | |
| Topical term or geographic name as entry element | Jaws |
| General subdivision | Diseases |
| Form subdivision | Atlases |
| Source of heading or term | BUEsh |
| 9 (RLIN) | 37687 |
| 650 #7 - SUBJECT ADDED ENTRY--TOPICAL TERM | |
| Topical term or geographic name as entry element | Pathology, Oral |
| Form subdivision | Atlases |
| Source of heading or term | BUEsh |
| 9 (RLIN) | 37688 |
| 650 #7 - SUBJECT ADDED ENTRY--TOPICAL TERM | |
| Topical term or geographic name as entry element | Jaw Diseases |
| General subdivision | pathology |
| Form subdivision | Atlases |
| Source of heading or term | BUEsh |
| 9 (RLIN) | 37689 |
| 651 ## - SUBJECT ADDED ENTRY--GEOGRAPHIC NAME | |
| Source of heading or term | BUEsh |
| 653 ## - INDEX TERM--UNCONTROLLED | |
| Arrived date list | April2015 |
| 700 1# - ADDED ENTRY--PERSONAL NAME | |
| Personal name | Sciubba, James J. |
| 9 (RLIN) | 37690 |
| 700 1# - ADDED ENTRY--PERSONAL NAME | |
| Personal name | Pogrel, M. Anthony |
| 9 (RLIN) | 37691 |
| 942 ## - ADDED ENTRY ELEMENTS (KOHA) | |
| Source of classification or shelving scheme | Dewey Decimal Classification |
| Call number prefix | 617.522 REG |
| Withdrawn status | Item status | Source of classification or shelving scheme | Damaged status | Not for loan | Vendor | Home library | Current library | Shelving location | Date acquired | Source of acquisition | Cost, normal purchase price | Serial Enumeration / chronology | Total Checkouts | Total Renewals | Full call number | Barcode | Checked out | Date last seen | Date last borrowed | Cost, replacement price | Koha item type |
|---|---|---|---|---|---|---|---|---|---|---|---|---|---|---|---|---|---|---|---|---|---|
| Dewey Decimal Classification | ايمك | Central Library | Central Library | First floor | 21/04/2015 | Purchase | 1089.00 | 2448 | 3 | 64 | 617.63 REG | 000038043 | 17/09/2023 | 05/07/2023 | 05/07/2023 | 1361.25 | Book - Borrowing |